Statistics for Fast typing

Click here to take the quiz!

General Stats

  • This quiz has been taken 172 times
  • The average score is 29 of 36

Answer Stats

HintAnswer% Correct
22
97%
11
95%
33
92%
44
92%
55
91%
66
91%
77
89%
88
89%
99
88%
AA
88%
BB
86%
CC
86%
EE
86%
DD
84%
00
83%
FF
83%
HH
83%
GG
81%
II
81%
JJ
81%
MM
80%
NN
80%
KK
78%
LL
78%
OO
78%
PP
77%
QQ
77%
SS
77%
TT
75%
VV
75%
RR
73%
UU
73%
WW
69%
XX
67%
YY
64%
ZZ
64%

Score Distribution

Percentile by Number Answered

Percent of People with Each Score

Your Score History

You have not taken this quiz